| 000 | 00837nam a22002177a 4500 | ||
|---|---|---|---|
| 008 | 260627e1993 mx a|||gr||||s001 0 spa d | ||
| 020 | _a968-6140-97-2 | ||
| 040 | _bspa | ||
| 041 |
_aSPA _hSPA |
||
| 082 | 0 | 4 |
_a760 _bA95 |
| 100 |
_aISLA, AUGUSTO _cAUTOR |
||
| 245 | _aABELARDO AVILA | ||
| 260 |
_aQUERETARO _bGOBIERNO DEL ESTADO DE QUERETARO _c1993 |
||
| 300 |
_a115 páginas _c31 cm x 33.5 cm |
||
| 336 |
_2rdacontent _atexto _btxt |
||
| 337 |
_2rdamedia _asin mediación _bn |
||
| 338 |
_2rdacarrier _avolumen _bnc |
||
| 505 | _aSe trata una obra biográfica y crítica que rescata la vida y legado del grabador mexicano Abelardo Ávila, destacando su papel como uno de los grandes artistas gráficos del siglo XX en México y su compromiso social reflejado en el arte. | ||
| 700 |
_aVEGA, ENRIQUE _eILUSTRADOR |
||
| 942 |
_2ddc _cCOLQ |
||
| 999 |
_c68695 _d68695 |
||